000 00655cam a2200241 4500
008 090401t1989 xxu||||| |||| 00| 0 eng d
020 _a0115152059
035 _a(Sirsi) u52969
041 _aeng
050 _a346.41032
110 _aUnited Kingdom
_bDepartment of Trade and Industry
245 _aProfessional liability : report of the study teams
260 _aLondon
_bHMSO
_c1989
300 _a187p. ; 30cm.
350 _a14.95
650 _aAUDITORS
650 _aBUILDING INDUSTRY
650 _aPROFESSIONAL INDEMNITY INSURANCE
650 _aSURVEYORS
700 _aLikierman, Andrew.
_xChairman
942 _n0
948 _c04/03/1997
999 _c93202
_d93202